2007/08 annual review (Record no. 110864)

MARC details
000 -LEADER
fixed length control field 00700cam a22002055a 4500
001 - CONTROL NUMBER
control field E150416
008 - FIXED-LENGTH DATA ELEMENTS--GENERAL INFORMATION
fixed length control field 100709s2009 xxk f 000 0 eng d
035 ## - SYSTEM CONTROL NUMBER
System control number (Sirsi) u150416
041 0# - LANGUAGE CODE
Language code of text/sound track or separate title eng
110 2# - MAIN ENTRY--CORPORATE NAME
Corporate name or jurisdiction name as entry element Royal Institution of Chartered Surveyors
9 (RLIN) 4900
245 00 - TITLE STATEMENT
Title 2007/08 annual review
Remainder of title advancing standards and professionalism worldwide
260 ## - PUBLICATION, DISTRIBUTION, ETC.
Place of publication, distribution, etc. London
Name of publisher, distributor, etc. RICS
Date of publication, distribution, etc. 2009
300 ## - PHYSICAL DESCRIPTION
Extent 16p.
Other physical details col. ill.
Dimensions 30cm.
490 #0 - SERIES STATEMENT
Series statement RICS Annual Report
520 ## - SUMMARY, ETC.
Summary, etc. Sets out RICS' strategic global agenda and provides a snapshot of recent achievements.
650 24 - SUBJECT ADDED ENTRY--TOPICAL TERM
Topical term or geographic name entry element RICS ANNUAL REVIEW AND FINANCIAL STATEMENTS
651 #4 - SUBJECT ADDED ENTRY--GEOGRAPHIC NAME
Geographic name International
690 ## - LOCAL SUBJECT ADDED ENTRY--TOPICAL TERM (OCLC, RLIN)
Topical term or geographic name as entry element ABOUT RICS-RICS ANNUAL REPORT
942 ## - ADDED ENTRY ELEMENTS (KOHA)
Suppress in OPAC 0
Holdings
Withdrawn status Lost status Source of classification or shelving scheme Damaged status Not for loan Home library Current library Shelving location Date acquired Total Checkouts Full call number Barcode Date last seen Copy number Price effective from Koha item type
    Dewey Decimal Classification     London London RICS Boxes 09/07/2010   RICS 2009/45 30075585 06/08/2019 1 06/08/2019 Archive
    Dewey Decimal Classification     London London RICS Boxes 04/12/2012   RICS 2009/45 30078709 06/08/2019 2 06/08/2019 Book